Pays les plus sécurisés - Statistiques

Statistiques générales
  • Ce quiz a été pris 717 fois
  • Le résultat moyen est 7 sur 15
Statistiques - réponses
Hint Réponse % Correct
1,465 GPI Norvège
71%
1,357 GPI Suisse
70%
1,389 GPI Canada
68%
1,439 GPI Finlande
67%
1,336 GPI Japon
66%
1,107 GPI Islande
64%
1,296 GPI Danemark
59%
1,288 GPI Irlande
45%
1,269 GPI Nouvelle Zélande
33%
1,300 GPI Autriche
32%
1,301 GPI Portugal
32%
1,326 GPI Singapour
29%
1,411 GPI Hongrie
15%
1,316 GPI Slovénie
15%
1,318 GPI République tchèque
14%
Aucun quiz correspondant
Distribution des résultats
% des personnes avec chaque résultat
Percentile par nombre de réponses
Votre historique - résultats
Vous n’avez pas pris ce quiz